Statistics for Geography starting with C

Click here to take the quiz!

General Stats

  • This quiz has been taken 71 times
  • The average score is 8 of 10

Answer Stats

LettersClueAnswer% Correct
5Most populous country in the worldChina
98%
4Largest island in the CaribbeanCuba
97%
8South American country with cities such as MedellinColombia
91%
7Former Yugoslavian countryCroatia
89%
9UK City known for its UniversityCambridge
89%
6Peninsula claimed by Ukraine and RussiaCrimea
86%
11US stateConnecticut
80%
10Nevadas capital cityCarson City
68%
12The Largest city on New Zealands South IslandChristchurch
68%
13Caribbean tax haven governed by UKCayman Islands
48%

Score Distribution

Percentile by Number Answered

Percent of People with Each Score

Your Score History

You have not taken this quiz